[Event "SM-2022-0-00477"]
[Site "LSS email"]
[Date "2022.08.15"]
[Round "?"]
[White "Bacino, Gustavo"]
[Black "Boni, Roberto"]
[Result "1/2-1/2"]
[WhiteElo "2223"]
[BlackElo "2271"]
[PlyCount "38"]
[EventDate "2022.06.28"]
[EventType "tourn (corr)"]
[EventRounds "6"]
[EventCountry "GER"]
[SourceTitle "Corr 2024"]
[Source "ChessBase"]
[SourceDate "2023.10.19"]
[SourceVersion "1"]
[SourceVersionDate "2023.10.19"]
[SourceQuality "1"]

1. c4 e5 2. g3 Nf6 3. Bg2 d5 4. cxd5 Nxd5 5. Nf3 Nc6 6. 0-0 Nb6 7. b3 Be7 8. Bb2 f6 9. d3 Bg4 10. Nbd2 Qd7 11. Rc1 h5 12. Nh4 Rh6 13. Bxc6 bxc6 14. Nhf3 h4 15. Qc2 Bb4 16. Bc3 Bf8 17. Bb2 Bb4 18. Bc3 Bf8 19. Bb2 Bb4 1/2-1/2

[Event "SM-2022-0-00477"]
[Site "LSS email"]
[Date "2022.08.15"]
[Round "?"]
[White "Ozen, Bahadir"]
[Black "Bacino, Gustavo"]
[Result "1/2-1/2"]
[WhiteElo "2229"]
[BlackElo "2223"]
[PlyCount "71"]
[EventDate "2022.06.28"]
[EventType "tourn (corr)"]
[EventRounds "6"]
[EventCountry "GER"]
[SourceTitle "Corr 2024"]
[Source "ChessBase"]
[SourceDate "2023.10.19"]
[SourceVersion "1"]
[SourceVersionDate "2023.10.19"]
[SourceQuality "1"]

1. d4 d5 2. c4 e6 3. Nc3 c6 4. e4 dxe4 5. Nxe4 Bb4+ 6. Bd2 Qxd4 7. Bxb4 Qxe4+ 8. Be2 Na6 9. Ba5 b6 10. Qd6 Bd7 11. Bc3 f6 12. Nf3 Nh6 13. Rd1 Rd8 14. Qa3 Bc8 15. Nd2 Qf4 16. Bh5+ Nf7 17. 0-0 c5 18. Qa4+ Ke7 19. Rfe1 Rhe8 20. a3 Kf8 21. b4 cxb4 22. axb4 Bb7 23. Re3 Qg5 24. Bf3 Bxf3 25. Rxf3 Nc7 26. h4 Qh5 27. Qxa7 Re7 28. Qxb6 Ne5 29. Bxe5 Qxe5 30. Qe3 Qxe3 31. Rxe3 Red7 32. Re2 e5 33. b5 Ne6 34. g3 Nd4 35. Re3 Ne6 36. Re2 1/2-1/2

[Event "RM-2022-0-00259"]
[Site "LSS email"]
[Date "2022.02.21"]
[Round "?"]
[White "Usmanoff, Rustam"]
[Black "Bacino, Gustavo"]
[Result "1/2-1/2"]
[WhiteElo "2202"]
[BlackElo "2210"]
[PlyCount "46"]
[EventDate "2022.02.04"]
[EventType "tourn (corr)"]
[EventRounds "6"]
[EventCountry "GER"]
[SourceTitle "Corr 2024"]
[Source "ChessBase"]
[SourceDate "2023.10.19"]
[SourceVersion "1"]
[SourceVersionDate "2023.10.19"]
[SourceQuality "1"]

1. e4 c5 2. Nf3 e6 3. d4 cxd4 4. Nxd4 a6 5. c4 Nf6 6. Nc3 Qc7 7. a3 b6 8. Be3 Bb7 9. f3 Be7 10. Be2 0-0 11. 0-0 d6 12. Qe1 Nbd7 13. Rc1 Rac8 14. Qf2 Qb8 15. b4 Bd8 16. Na4 h6 17. Rfd1 Ne5 18. Kh1 Re8 19. h3 Ng6 20. Bd3 Nd7 21. Qg1 Nf6 22. Qf2 Nd7 23. Qg1 Nf6 1/2-1/2

[Event "RM-2022-0-00259"]
[Site "LSS email"]
[Date "2022.02.18"]
[Round "?"]
[White "Bacino, Gustavo"]
[Black "Koch, Christian"]
[Result "1/2-1/2"]
[WhiteElo "2210"]
[BlackElo "2355"]
[PlyCount "40"]
[EventDate "2022.02.04"]
[EventType "tourn (corr)"]
[EventRounds "6"]
[EventCountry "GER"]
[SourceTitle "Corr 2024"]
[Source "ChessBase"]
[SourceDate "2023.10.19"]
[SourceVersion "1"]
[SourceVersionDate "2023.10.19"]
[SourceQuality "1"]

1. c4 e5 2. g3 Nf6 3. Bg2 d5 4. cxd5 Nxd5 5. Nc3 Nb6 6. d3 Be7 7. Be3 0-0 8. Rc1 Re8 9. Nf3 Nc6 10. 0-0 Bf8 11. Ne4 a5 12. a3 a4 13. Qc2 h6 14. Rfe1 Be6 15. Nc5 Bxc5 16. Bxc5 Bb3 17. Qd2 Nc8 18. Qc3 Nd6 19. Bxd6 cxd6 20. Nd2 Be6 1/2-1/2

[Event "RM-2022-0-00259"]
[Site "LSS email"]
[Date "2022.02.17"]
[Round "?"]
[White "Bacino, Gustavo"]
[Black "Ozen, Bahadir"]
[Result "1/2-1/2"]
[WhiteElo "2210"]
[BlackElo "2320"]
[PlyCount "56"]
[EventDate "2022.02.04"]
[EventType "tourn (corr)"]
[EventRounds "6"]
[EventCountry "GER"]
[SourceTitle "Corr 2024"]
[Source "ChessBase"]
[SourceDate "2023.10.19"]
[SourceVersion "1"]
[SourceVersionDate "2023.10.19"]
[SourceQuality "1"]

1. c4 c6 2. Nf3 d5 3. g3 Nf6 4. Bg2 dxc4 5. 0-0 Nbd7 6. Qc2 Nb6 7. Na3 Be6 8. Ne5 h5 9. Naxc4 Nxc4 10. Nxc4 h4 11. Ne5 hxg3 12. hxg3 Qd4 13. Qc3 Qd6 14. d4 Rd8 15. Qc2 Qxd4 16. Bf4 Nd7 17. Rfd1 Qc5 18. Qa4 Nxe5 19. Rxd8+ Kxd8 20. b4 Qc4 21. Qxa7 f6 22. Qb8+ Kd7 23. Rd1+ Bd5 24. Bxe5 Qxe2 25. Rxd5+ cxd5 26. Qxb7+ Ke8 27. Qc6+ Kf7 28. Bxd5+ Kg6 1/2-1/2

[Event "SM-2020-0-00419"]
[Site "LSS email"]
[Date "2020.01.29"]
[Round "?"]
[White "Bacino, Gustavo"]
[Black "Bujdak, Pavel"]
[Result "1/2-1/2"]
[WhiteElo "2228"]
[BlackElo "2259"]
[PlyCount "90"]
[EventDate "2020.01.18"]
[EventType "tourn (corr)"]
[EventRounds "6"]
[EventCountry "GER"]
[SourceTitle "Corr 2022"]
[Source "ChessBase"]
[SourceDate "2021.10.24"]
[SourceVersion "1"]
[SourceVersionDate "2021.10.24"]
[SourceQuality "1"]

1. c4 e5 2. g3 h5 3. Nc3 h4 4. g4 d5 5. cxd5 Bxg4 6. d4 Nd7 7. dxe5 Nxe5 8. h3 Bd7 9. f4 Ng6 10. e4 Nf6 11. Qd3 Nh5 12. Nge2 Bc5 13. Bd2 Ng3 14. Nxg3 hxg3 15. Qxg3 Qh4 16. Qxh4 Rxh4 17. f5 Ne5 18. Ke2 a6 19. Bg5 Rh7 20. Be3 Bxe3 21. Kxe3 Ke7 22. Nd1 g6 23. fxg6 Nxg6 24. d6+ Kxd6 25. Nf2 Ne5 26. Be2 Rah8 27. Rac1 c6 28. Rcd1+ Kc7 29. Kf4 Ng6+ 30. Kg3 Nh4 31. Bg4 f5 32. exf5 Nxf5+ 33. Kh2 Rf8 34. b3 Bc8 35. Rhe1 Nh6 36. Kg3 Rhf7 37. Re2 Nf5+ 38. Bxf5 Rxf5 39. Ng4 Rg8 40. Re7+ Kb6 41. Rde1 Rff8 42. R7e5 Kc7 43. a4 Rd8 44. b4 Rd2 45. R1e2 Rd3+ 1/2-1/2

[Event "Marplatense Elo op"]
[Site "Argentina"]
[Date "2018.10.12"]
[Round "3"]
[White "Bacino, Gustavo"]
[Black "Rossi, Alejandro Oscar"]
[Result "1/2-1/2"]
[WhiteElo "1897"]
[BlackElo "1796"]
[PlyCount "58"]
[EventDate "2018.10.08"]
[EventType "swiss"]
[EventRounds "9"]
[EventCountry "ARG"]
[SourceTitle "CBM 187 Extra"]
[Source "ChessBase"]
[SourceDate "2018.11.04"]
[SourceVersion "1"]
[SourceVersionDate "2018.11.04"]
[SourceQuality "1"]

1. d4 Nf6 2. Nf3 e6 3. e3 c5 4. Bd3 d5 5. b3 Nc6 6. Bb2 Be7 7. 0-0 0-0 8. a3 b6 9. Ne5 Bb7 10. f4 Ne4 11. Nd2 f6 12. Nxc6 Bxc6 13. Nxe4 dxe4 14. Bc4 Bd5 15. Qe2 Bxc4 16. Qxc4 Qd5 17. Qe2 cxd4 18. Bxd4 Bc5 19. Rfd1 Rfd8 20. Bxf6 Bxe3+ 21. Kf1 Qf5 22. Rxd8+ Rxd8 23. Bxd8 Qxf4+ 24. Ke1 Bd4 25. Rb1 Bc3+ 26. Kd1 Qd6+ 27. Kc1 Qf4+ 28. Kd1 Qd6+ 29. Kc1 Qf4+ 1/2-1/2

[Event "Mar del Plata U2200 Libreria Mariano"]
[Site "Mar del Plata"]
[Date "2018.04.14"]
[Round "4.2"]
[White "Renkine, Ivan"]
[Black "Bacino, Gustavo"]
[Result "1/2-1/2"]
[WhiteElo "1746"]
[BlackElo "1905"]
[PlyCount "51"]
[EventDate "2018.04.13"]
[EventType "swiss"]
[EventRounds "7"]
[EventCountry "ARG"]
[SourceTitle "EXT 2024"]
[Source "ChessBase"]
[SourceDate "2023.10.10"]
[SourceVersion "1"]
[SourceVersionDate "2023.10.10"]
[SourceQuality "1"]

1. b4 e5 2. Bb2 d6 3. d4 Nd7 4. dxe5 dxe5 5. a3 Ngf6 6. Nc3 g6 7. e4 Bg7 8. Bc4 0-0 9. Qe2 c6 10. Nf3 Qc7 11. 0-0 h6 12. Rad1 Re8 13. Nh4 Nf8 14. Rd3 Be6 15. Rg3 Nh5 16. Bxe6 Nxg3 17. Bxf7+ Qxf7 18. fxg3 Qe6 19. Nd1 Nd7 20. Ne3 Rf8 21. Rd1 Rad8 22. c4 Kh7 23. c5 Nf6 24. Re1 Rf7 25. Nc4 Qg4 26. Nf3 1/2-1/2

[Event "Mar del Plata"]
[Site "Mar del Plata"]
[Date "2017.10.18"]
[Round "2"]
[White "Quezada, Franco"]
[Black "Bacino, Gustavo"]
[Result "0-1"]
[WhiteElo "1829"]
[BlackElo "1860"]
[PlyCount "73"]
[EventDate "2017.10.16"]
[EventType "tourn"]
[EventRounds "11"]
[EventCountry "ARG"]
[SourceTitle "CBM 181 Extra"]
[Source "ChessBase"]
[SourceDate "2017.12.12"]
[SourceVersion "1"]
[SourceVersionDate "2017.12.12"]
[SourceQuality "1"]

1. e4 c5 2. Nf3 e6 3. d4 cxd4 4. Nxd4 a6 5. Bd3 Nf6 6. 0-0 Qc7 7. c4 b6 8. Qe2 d6 9. f4 Nbd7 10. Nc3 Be7 11. Be3 Bb7 12. b4 0-0 13. Rac1 Rac8 14. g4 g6 15. g5 Ne8 16. Qg4 Ng7 17. Rf3 f5 18. Qh3 e5 19. Nd5 Bxd5 20. cxd5 Qxc1+ 21. Bxc1 Rxc1+ 22. Kg2 exd4 23. exf5 Nxf5 24. Bxf5 Rxf5 25. Rd3 Rc4 26. a3 b5 27. Rxd4 Rxd4 28. Qe3 Rdxf4 29. Qxe7 Ne5 30. h4 Rg4+ 31. Kh3 Rf3+ 32. Kh2 Rxh4+ 33. Kg2 Rg4+ 34. Kh2 Nf7 35. Qb7 Rfg3 36. Qc7 Rg2+ 37. Kh1 0-1

[Event "Judewicz Memorial U2200"]
[Site "Mar del Plata"]
[Date "2016.09.16"]
[Round "2.2"]
[White "Bustamante, Oscar"]
[Black "Bacino, Gustavo"]
[Result "1-0"]
[WhiteElo "2123"]
[BlackElo "1856"]
[PlyCount "77"]
[EventDate "2016.09.16"]
[EventType "swiss"]
[EventRounds "7"]
[EventCountry "ARG"]
[SourceTitle "EXT 2024"]
[Source "ChessBase"]
[SourceDate "2023.10.10"]
[SourceVersion "1"]
[SourceVersionDate "2023.10.10"]
[SourceQuality "1"]

1. d4 d6 2. e4 Nf6 3. Nc3 c6 4. f4 g6 5. Nf3 Bg7 6. Bd3 Bg4 7. h3 Bxf3 8. Qxf3 Qb6 9. e5 Nfd7 10. Qf2 d5 11. 0-0 Na6 12. a3 Nc7 13. b4 Nb5 14. Bxb5 cxb5 15. Nxd5 Qc6 16. Qf3 e6 17. Nc3 Qc4 18. Ne4 Qxd4+ 19. Be3 Qd5 20. Nd6+ Ke7 21. Qxd5 exd5 22. Nxb7 Rhc8 23. Nc5 Nxc5 24. Bxc5+ Ke6 25. c3 Bf8 26. Bd4 Rc4 27. Kf2 h5 28. g3 a6 29. Ke3 Be7 30. a4 bxa4 31. Rxa4 f6 32. Rfa1 fxe5 33. Rxa6+ Rxa6 34. Rxa6+ Kf5 35. Bxe5 g5 36. Bd4 gxf4+ 37. gxf4 Rc8 38. Rh6 h4 39. Rh5+ 1-0

[Event "Chascomus U2200 op"]
[Site "Chascomus"]
[Date "2016.08.07"]
[Round "6.5"]
[White "Bacino, Gustavo"]
[Black "Dubrovich, Igor"]
[Result "1/2-1/2"]
[WhiteElo "1871"]
[BlackElo "1806"]
[PlyCount "125"]
[EventDate "2016.08.05"]
[EventType "swiss"]
[EventRounds "6"]
[EventCountry "ARG"]
[SourceTitle "EXT 2024"]
[Source "ChessBase"]
[SourceDate "2023.10.10"]
[SourceVersion "1"]
[SourceVersionDate "2023.10.10"]
[SourceQuality "1"]

1. e4 c5 2. Nf3 d6 3. Bb5+ Nd7 4. 0-0 Ngf6 5. Re1 a6 6. Bxd7+ Bxd7 7. c4 g6 8. Nc3 Bg7 9. h3 0-0 10. Qe2 Ne8 11. d3 b5 12. Be3 Nc7 13. Rac1 Ne6 14. Nd5 bxc4 15. dxc4 Rb8 16. b3 h6 17. Qd2 Kh7 18. Red1 Bc6 19. Qd3 a5 20. Nc3 Qb6 21. Nd5 Qb7 22. Rb1 Nc7 23. Nd2 Nxd5 24. exd5 Bd7 25. g4 f5 26. f3 Rf7 27. Qe2 Qb4 28. Nf1 Rbf8 29. Bd2 Bd4+ 30. Kg2 fxg4 31. hxg4 Qb6 32. Be3 Rxf3 33. Bxd4 cxd4 34. Nh2 Rf2+ 35. Qxf2 Rxf2+ 36. Kxf2 d3+ 37. Kf3 Qd4 38. Re1 Qf6+ 39. Kg3 g5 40. Rbd1 Qf4+ 41. Kh3 Bxg4+ 42. Nxg4 Qf3+ 43. Kh2 Qxg4 44. Rxe7+ Kg6 45. Rxd3 Qf4+ 46. Kg2 g4 47. Re6+ Kg5 48. Rde3 h5 49. Re8 Kh4 50. R8e4 Qf6 51. Rh3+ Kg5 52. Rhe3 h4 53. Re6 h3+ 54. Kg1 Qa1+ 55. Kh2 Kf4 56. R6e4+ Kg5 57. Re2 Qf1 58. c5 dxc5 59. Re5+ Kg6 60. Re6+ Kf7 61. Re7+ Kg6 62. R7e6+ Kf7 63. Re7+ 1/2-1/2

[Event "Villa Gesell Playas U2200 op"]
[Site "Villa Gesell"]
[Date "2014.08.17"]
[Round "4.3"]
[White "Bacino, Gustavo"]
[Black "Loiterstein, Mariano"]
[Result "0-1"]
[WhiteElo "1885"]
[BlackElo "2179"]
[PlyCount "62"]
[EventDate "2014.08.16"]
[EventType "swiss"]
[EventRounds "7"]
[EventCountry "ARG"]
[SourceTitle "EXT 2024"]
[Source "ChessBase"]
[SourceDate "2023.10.10"]
[SourceVersion "1"]
[SourceVersionDate "2023.10.10"]
[SourceQuality "1"]

1. Nf3 d5 2. g3 Nf6 3. Bg2 Bf5 4. d3 e6 5. 0-0 h6 6. Nbd2 Be7 7. Re1 0-0 8. c3 c5 9. Qb3 Qc7 10. e4 Bh7 11. Qd1 Nc6 12. Qe2 b5 13. e5 Nd7 14. h4 b4 15. d4 bxc3 16. bxc3 cxd4 17. cxd4 Nb4 18. Ba3 Qa5 19. Bxb4 Bxb4 20. Nb3 Qb6 21. Red1 a5 22. Qb2 Be7 23. Qe2 a4 24. Nc1 Rfc8 25. Nd3 Rc3 26. Bf1 Rb8 27. Qd2 Rcc8 28. Rab1 Qxb1 29. Rxb1 Rxb1 30. Kg2 a3 31. Qf4 Rxf1 0-1

[Event "Madariaga Tiberio Cup"]
[Site "Madariaga"]
[Date "2014.06.22"]
[Round "7"]
[White "Bacino, Gustavo"]
[Black "Gonzalez Resquin, Diego"]
[Result "1-0"]
[WhiteElo "1870"]
[BlackElo "1720"]
[PlyCount "61"]
[EventDate "2014.06.20"]
[EventType "swiss"]
[EventRounds "7"]
[EventCountry "ARG"]
[SourceTitle "CBM 161 Extra"]
[Source "ChessBase"]
[SourceDate "2014.08.29"]
[SourceVersion "1"]
[SourceVersionDate "2014.08.29"]
[SourceQuality "1"]

1. e4 g6 2. d4 Bg7 3. Be3 d6 4. Bc4 Nf6 5. f3 0-0 6. Ne2 e5 7. 0-0 Nbd7 8. c3 d5 9. exd5 Nb6 10. Bb3 Nfxd5 11. Bf2 c6 12. Re1 Nc7 13. Na3 Be6 14. Nc2 Bxb3 15. axb3 Ne6 16. dxe5 Bxe5 17. Ng3 Qc7 18. Qe2 Bg7 19. Nb4 a5 20. Nd3 Nd5 21. Ne4 Ndf4 22. Nxf4 Nxf4 23. Qe3 Nd5 24. Qe2 b6 25. Bg3 Qd7 26. Rad1 Qe6 27. c4 Nb4 28. Rd6 Qf5 29. Red1 Be5 30. Bxe5 Qxe5 31. Nf6+ 1-0

[Event "Madariaga Tiberio Cup"]
[Site "Madariaga"]
[Date "2014.06.22"]
[Round "6"]
[White "Diaz, Gerardo"]
[Black "Bacino, Gustavo"]
[Result "1-0"]
[WhiteElo "1966"]
[BlackElo "1870"]
[PlyCount "62"]
[EventDate "2014.06.20"]
[EventType "swiss"]
[EventRounds "7"]
[EventCountry "ARG"]
[SourceTitle "CBM 161 Extra"]
[Source "ChessBase"]
[SourceDate "2014.08.29"]
[SourceVersion "1"]
[SourceVersionDate "2014.08.29"]
[SourceQuality "1"]

1. d4 d6 2. Nf3 Bg4 3. Bg5 Bxf3 4. exf3 c6 5. c3 d5 6. Nd2 Nd7 7. Bd3 Ngf6 8. 0-0 e6 9. Re1 Bd6 10. f4 Qc7 11. f5 0-0-0 12. fxe6 fxe6 13. Nf3 Rde8 14. Qa4 Kb8 15. Ne5 Rhf8 16. f4 Nb6 17. Qc2 h6 18. Bh4 Bxe5 19. fxe5 g5 20. Bg3 Nh5 21. Bg6 Nxg3 22. Bxe8 Rxe8 23. hxg3 c5 24. Qg6 Qe7 25. Rf1 Nc4 26. Rf7 Qd8 27. Qh7 Qc8 28. Qxh6 Nd2 29. Qxg5 Ne4 30. Qg7 Ka8 31. Raf1 a6 1-0

[Event "CP-2014-S-00003"]
[Site "LSS email"]
[Date "2014.05.12"]
[Round "?"]
[White "Bacino, Gustavo"]
[Black "Pijl, Richard"]
[Result "1/2-1/2"]
[WhiteElo "2209"]
[BlackElo "2436"]
[PlyCount "83"]
[EventDate "2014.05.18"]
[EventType "tourn (corr)"]
[EventRounds "7"]
[EventCountry "GER"]
[SourceTitle "Corr 2022"]
[Source "ChessBase"]
[SourceDate "2021.10.24"]
[SourceVersion "1"]
[SourceVersionDate "2021.10.24"]
[SourceQuality "1"]

1. e4 c5 2. c3 e6 3. d4 d5 4. exd5 exd5 5. Be3 c4 6. b3 cxb3 7. axb3 Bd6 8. Bd3 Nf6 9. h3 0-0 10. Qf3 Re8 11. Ne2 Ne4 12. 0-0 Nc6 13. Na3 Ng5 14. Bxg5 Qxg5 15. Nc2 a6 16. Ne3 Be6 17. Rfe1 Ne7 18. g3 Bxh3 19. Qh1 Qh5 20. Ra5 Qh6 21. Raa1 Rad8 22. b4 Rf8 23. b5 axb5 24. Bxb5 Kh8 25. Ra7 Rb8 26. Nxd5 Nxd5 27. Qxd5 Bg4 28. Rea1 Rbd8 29. Qh1 Qg6 30. R7a5 Qc2 31. f3 Bd7 32. Kf2 Bxb5 33. Rxb5 Rde8 34. Qd1 Rxe2+ 35. Qxe2 Bxg3+ 36. Kf1 Qxc3 37. Ra2 Qxd4 38. Qe4 Qd7 39. Qf5 Qe7 40. Qe4 Qf6 41. Qxb7 g6 42. Ra8 1/2-1/2

[Event "CP-2014-S-00003"]
[Site "LSS email"]
[Date "2014.05.12"]
[Round "?"]
[White "Bacino, Gustavo"]
[Black "Teverovski, Bogoljub"]
[Result "1/2-1/2"]
[WhiteElo "2209"]
[BlackElo "2269"]
[PlyCount "50"]
[EventDate "2014.05.18"]
[EventType "tourn (corr)"]
[EventRounds "7"]
[EventCountry "GER"]
[SourceTitle "Corr 2022"]
[Source "ChessBase"]
[SourceDate "2021.10.24"]
[SourceVersion "1"]
[SourceVersionDate "2021.10.24"]
[SourceQuality "1"]

1. e4 c5 2. Nf3 Nc6 3. Bb5 e6 4. 0-0 Nge7 5. c3 a6 6. Ba4 b5 7. Bc2 Bb7 8. Re1 Rc8 9. a4 b4 10. d4 bxc3 11. d5 cxb2 12. Bxb2 Nb4 13. a5 exd5 14. exd5 Nxc2 15. Qxc2 Bxd5 16. Nbd2 Rc6 17. Nc4 f6 18. Rad1 Re6 19. Nb6 Rxe1+ 20. Rxe1 Be6 21. Qxc5 Kf7 22. Qh5+ Ng6 23. Nd4 Qc7 24. Nxd7 Qxd7 25. Rxe6 Bd6 1/2-1/2

[Event "CP-2014-S-00003"]
[Site "LSS email"]
[Date "2014.05.12"]
[Round "?"]
[White "Langer, Raimund"]
[Black "Bacino, Gustavo"]
[Result "1/2-1/2"]
[WhiteElo "2431"]
[BlackElo "2209"]
[PlyCount "61"]
[EventDate "2014.05.18"]
[EventType "tourn (corr)"]
[EventRounds "7"]
[EventCountry "GER"]
[SourceTitle "Corr 2022"]
[Source "ChessBase"]
[SourceDate "2021.10.24"]
[SourceVersion "1"]
[SourceVersionDate "2021.10.24"]
[SourceQuality "1"]

1. d4 d5 2. c4 Nc6 3. Nc3 dxc4 4. Nf3 Nf6 5. Bg5 h6 6. Bh4 a6 7. e4 b5 8. d5 Na5 9. e5 Nh5 10. e6 Qd6 11. exf7+ Kxf7 12. Be2 Nf4 13. 0-0 g5 14. Bg3 Bg7 15. Re1 Bf5 16. Nd4 Bxd4 17. Qxd4 Nc6 18. Qd1 Nb4 19. Bxf4 gxf4 20. Bh5+ Kf8 21. Bg4 Qg6 22. Bxf5 Qxf5 23. Qf3 Rh7 24. b3 Nd3 25. Re6 Rd8 26. bxc4 bxc4 27. Qe4 Rf7 28. Qxc4 f3 29. Qxc7 Ra8 30. Ne4 Nf4 31. Qe5 1/2-1/2

[Event "CP-2012-Q-00007"]
[Site "LSS email"]
[Date "2013.12.17"]
[Round "?"]
[White "Bacino, Gustavo"]
[Black "Koslowski, Volker"]
[Result "1/2-1/2"]
[WhiteElo "2137"]
[BlackElo "2242"]
[PlyCount "58"]
[EventDate "2013.12.22"]
[EventType "tourn (corr)"]
[EventRounds "6"]
[EventCountry "GER"]
[SourceTitle "Corr 2015"]
[Source "ChessBase"]
[SourceDate "2015.07.17"]
[SourceVersion "1"]
[SourceVersionDate "2015.07.17"]
[SourceQuality "1"]

1. e4 e5 2. Nf3 Nf6 3. d4 Nxe4 4. Bd3 d5 5. Nxe5 Nd7 6. Nxd7 Bxd7 7. 0-0 Bd6 8. Nc3 Nxc3 9. bxc3 0-0 10. Qh5 f5 11. Re1 c6 12. Bg5 Qc7 13. c4 Be8 14. Qh3 dxc4 15. Bxc4+ Bf7 16. Be6 Bxe6 17. Rxe6 Rae8 18. Rae1 Rxe6 19. Rxe6 Qb6 20. Qb3 Qxb3 21. axb3 Bb4 22. g3 a5 23. c4 Kf7 24. d5 Ra8 25. Kf1 Bf8 26. Re5 g6 27. dxc6 bxc6 28. Bd2 a4 29. bxa4 Rxa4 1/2-1/2

[Event "CP-2012-Q-00007"]
[Site "LSS email"]
[Date "2013.12.17"]
[Round "?"]
[White "Bacino, Gustavo"]
[Black "Simmelink, Joop Theo"]
[Result "1/2-1/2"]
[WhiteElo "2137"]
[BlackElo "2289"]
[PlyCount "61"]
[EventDate "2013.12.22"]
[EventType "tourn (corr)"]
[EventRounds "6"]
[EventCountry "GER"]
[SourceTitle "Corr 2015"]
[Source "ChessBase"]
[SourceDate "2015.07.17"]
[SourceVersion "1"]
[SourceVersionDate "2015.07.17"]
[SourceQuality "1"]

1. e4 Nc6 2. Nf3 e5 3. Bb5 a6 4. Ba4 Nf6 5. 0-0 Be7 6. Re1 b5 7. Bb3 0-0 8. c3 d5 9. d4 exd4 10. e5 Ne4 11. cxd4 Na5 12. Bc2 f5 13. exf6 Bxf6 14. Nc3 Nxc3 15. bxc3 Bg4 16. h3 Bxf3 17. Qxf3 Bxd4 18. Bxh7+ Kxh7 19. Qh5+ Kg8 20. cxd4 Qd7 21. Ba3 Rfe8 22. Qg5 Nc4 23. Be7 c6 24. f3 Kf7 25. Qh5+ Kg8 26. Qg5 Nd6 27. Bf6 Nc4 28. h4 Qf7 29. Be7 Ra7 30. Bb4 Raa8 31. Be7 1/2-1/2

[Event "CP-2013-P-00064"]
[Site "LSS email"]
[Date "2013.09.30"]
[Round "?"]
[White "Bacino, Gustavo"]
[Black "Fernandez, Javier Horacio"]
[Result "1/2-1/2"]
[WhiteElo "2145"]
[BlackElo "2179"]
[PlyCount "26"]
[EventDate "2013.10.01"]
[EventType "tourn (corr)"]
[EventRounds "6"]
[EventCountry "GER"]
[SourceTitle "Corr 2015"]
[Source "ChessBase"]
[SourceDate "2015.07.17"]
[SourceVersion "1"]
[SourceVersionDate "2015.07.17"]
[SourceQuality "1"]

1. e4 c6 2. d4 d5 3. f3 Qb6 4. Nc3 dxe4 5. fxe4 e5 6. Nf3 exd4 7. Nxd4 Nf6 8. e5 Ng4 9. e6 Bxe6 10. Bc4 Bxc4 11. Qxg4 Na6 12. Bg5 Qxb2 13. Qe4+ Kd7 1/2-1/2

[Event "CP-2013-P-00064"]
[Site "LSS email"]
[Date "2013.09.30"]
[Round "?"]
[White "Bacino, Gustavo"]
[Black "Garcia, Javier N"]
[Result "1-0"]
[WhiteElo "2145"]
[BlackElo "749"]
[PlyCount "37"]
[EventDate "2013.10.01"]
[EventType "tourn (corr)"]
[EventRounds "6"]
[EventCountry "GER"]
[SourceTitle "Corr 2015"]
[Source "ChessBase"]
[SourceDate "2015.07.17"]
[SourceVersion "1"]
[SourceVersionDate "2015.07.17"]
[SourceQuality "1"]

1. e4 c5 2. Nf3 d6 3. Bb5+ Bd7 4. Bxd7+ Qxd7 5. c4 Nc6 6. Nc3 g6 7. d4 cxd4 8. Nxd4 Bg7 9. Be3 Ne5 10. b3 Nf6 11. f3 0-0 12. 0-0 a6 13. Qd2 Rac8 14. Rfd1 Nxc4 15. bxc4 Rxc4 16. Rac1 e5 17. Nb3 Rfc8 18. Na5 Rxc3 19. Rxc3 1-0

[Event "CP-2013-P-00064"]
[Site "LSS email"]
[Date "2013.09.30"]
[Round "?"]
[White "Bacino, Gustavo"]
[Black "Saganauer, Richard"]
[Result "1/2-1/2"]
[WhiteElo "2145"]
[BlackElo "1843"]
[PlyCount "53"]
[EventDate "2013.10.01"]
[EventType "tourn (corr)"]
[EventRounds "6"]
[EventCountry "GER"]
[SourceTitle "Corr 2015"]
[Source "ChessBase"]
[SourceDate "2015.07.17"]
[SourceVersion "1"]
[SourceVersionDate "2015.07.17"]
[SourceQuality "1"]

1. e4 c5 2. Nf3 d6 3. Bb5+ Bd7 4. Bxd7+ Qxd7 5. c4 g6 6. Nc3 Bg7 7. d4 cxd4 8. Nxd4 Nc6 9. Be3 Nf6 10. f3 0-0 11. 0-0 a6 12. a4 Qc7 13. Rc1 Nd7 14. b3 Rfc8 15. Rf2 e6 16. Nxc6 bxc6 17. Rd2 Bf8 18. b4 Rcb8 19. c5 d5 20. exd5 exd5 21. b5 axb5 22. axb5 Bxc5 23. Bd4 Ba3 24. Nxd5 Qa5 25. Rxc6 Qxb5 26. Rcc2 Qxd5 27. Bf2 1/2-1/2

[Event "CP-2013-P-00064"]
[Site "LSS email"]
[Date "2013.09.30"]
[Round "?"]
[White "Iula, Massimo"]
[Black "Bacino, Gustavo"]
[Result "0-1"]
[WhiteElo "1440"]
[BlackElo "2145"]
[PlyCount "48"]
[EventDate "2013.10.01"]
[EventType "tourn (corr)"]
[EventRounds "6"]
[EventCountry "GER"]
[SourceTitle "Corr 2015"]
[Source "ChessBase"]
[SourceDate "2015.07.17"]
[SourceVersion "1"]
[SourceVersionDate "2015.07.17"]
[SourceQuality "1"]

1. e4 d5 2. exd5 Qxd5 3. Nc3 Qd6 4. d4 Nf6 5. Nf3 a6 6. g3 b5 7. Bg2 Bb7 8. 0-0 e6 9. Ne5 Bxg2 10. Kxg2 b4 11. Qf3 c6 12. Ne4 Qd5 13. Re1 Nbd7 14. c4 bxc3 15. bxc3 Nxe5 16. dxe5 Nxe4 17. Rxe4 c5 18. Rb1 Be7 19. c4 Qc6 20. Rf4 Qxf3+ 21. Rxf3 0-0 22. Rb7 Rfe8 23. Rfb3 Kf8 24. Bd2 h6 0-1